The Revelation of John: The Daily Study Bible (Record no. 20896)

MARC details
000 -LEADER
fixed length control field 00338nam a22001337a 4500
020 ## - INTERNATIONAL STANDARD BOOK NUMBER
ISBN 071520094 I
082 ## - DEWEY DECIMAL CLASSIFICATION NUMBER
Classification number 228 BAR V1
100 ## - MAIN ENTRY--AUTHOR NAME
Author name Barclay, Rev. William
245 ## - TITLE STATEMENT
Title The Revelation of John: The Daily Study Bible
260 ## - PUBLICATION, DISTRIBUTION, ETC. (IMPRINT)
Place of publication Glasgow
Name of publisher St. Andrew Press
Year of publication 1959
300 ## - PHYSICAL DESCRIPTION
Number of Pages 231
650 ## - SUBJECT ADDED ENTRY--TOPICAL TERM
Topical Term Apocalyptic Lliterature
942 ## - ADDED ENTRY ELEMENTS (KOHA)
Koha item type Books
Holdings
Home library Current library Shelving location Date acquired Full call number Accession Number Koha item type
Henry Martyn Institute Library Henry Martyn Institute Library General stacks 04/13/2018 228 BAR V1 012128 Books
                   Copyright © 2026 | Henry Martyn Institute | Hyderabad | TS-500052 | INDIA | Implemented by hmi.edu.in
Hit-Count:

Powered by Koha